Регионална библиотека "Любен Каравелов" - Русе

Низвергнатият Владимир Василев (Запис номер 189894)

MARC детайли
000 -Лидер
Контролно поле с фиксирана дължина 01857nam a2200397 c 4500
003 - Код на организацията, давaща контролен номер
Контролно поле BLK
005 - Дата и час на последна редакция
Контролно поле 20180422115700.0
008 - Елементи от данни с фиксирана дължина
fixed length control field 180411b bul|||||r ||||||| ||bul||
010 ## - Наследен системен номер
LC control number KNG00198944000
020 ## - Международен стандартен номер на книга ISBN
Международен стандартен номер на книга ISBN 978-954-322-837-9
-- издат.: Акад. изд. Проф. Марин Дринов
040 ## - Източник на каталожния запис
Идентификатор на билиотеката - собственик на записа BLK
041 ## - Код за език
Код за езика на текст/звукозапис или на отделно заглавие Български
Код за езика КДБФ Български
072 #7 - Код за тематичната категория
Код организация bullib
Код за тематична категория Н82
Текст Литературознание Н
080 ## - УДК
Текстов определител УДК Литературна критика
УДК код - определител по УДК 82.09
УДК определител (497.2)(092)
УДК - код + определител 82.09(497.2)(092)
080 ## - УДК
Текстов определител УДК Българска литература
УДК код - определител по УДК 821.163.2
УДК определител -95
УДК - код + определител 821.163.2-95
080 ## - УДК
Текстов определител УДК Владимир Василев Матеев. Български литературен критик
УДК код - определител по УДК 929 Василев, Владимир
УДК определител
УДК - код + определител 929 Василев, Владимир
100 1# - Редна дума - Автор
Автор Радев, Иван Николов
Авторска отговорност първи автор
R(LIN) 363332
139 ## - Редно поле
Редна дума Радев, Иван Николов
Авторски знак Василевс - В 25
245 10 - Сведения за заглавието
Заглавие Низвергнатият Владимир Василев
Подзаглавни данни Страници от него и за него
Редно поле (дума) Иван Николов Радев.
257 ## - Страна на издаване
Страна на създаване/издаване България
260 ## - Област на издателските данни
-- София
Име на издателя, разпространителя и проч. Акад. изд. Проф. Марин Дринов
Година на издаване 2016
300 ## - Физическа характеристика
Страници 286 с.
Илюстрации и др. с факс., портр.
Размери/Мащаб 21 см
380 ## - Жанр
Жанр Литературознание
500 ## - Общи забележки
Забележка Бележки: с. 282-285. - Биогр. данни за авт. отбелязани на гърба на кор.
600 14 - Име на лице, използвано като предмет
За него / За нея Василев, Владимир
9 (RLIN) 270041
650 #4 - Допълнително описание по предмет – тема
Основно описание – тема или топоним Литературна критика, българска - история
9 (RLIN) 244400
653 ## - Ключова дума – ненормативна
Ключова дума литературна критика
653 ## - Ключова дума – ненормативна
Ключова дума история
653 ## - Ключова дума – ненормативна
Ключова дума България
659 ## - Тематичен бюлетин
Тематичен бюлетин Н
852 ## - Местоположение
Форматна сигнатура Цб 283940
856 4# - Електронен адрес и достъп
Електронен формат pdf - файл
Път до файла /url/
856 4# - Електронен адрес и достъп
Електронен формат pdf - файл
Път до файла /url/
942 ## - АРТИКУЛИ
Вид на библиотечния материал Книги
Скрит в OPAC Не
944 ## - СЪЗДАВАНЕ И РЕДАКЦИЯ на ЗАПИСА
Създаване/Редакция Създаване
Дата на регистрацията/редакция 05.01.2017
Служител, извършил регистрацията/редакцията Виолета_Тройчева
944 ## - СЪЗДАВАНЕ И РЕДАКЦИЯ на ЗАПИСА
Създаване/Редакция Редакция
Дата на регистрацията/редакция 31.01.2017
Служител, извършил регистрацията/редакцията Грета_Цуфелде
999 ## - СИСТЕМНИ КОНТРОЛНИ НОМЕРА
Koha biblionumber 189894
Koha biblioitemnumber 189894
Наличности
Код за отписване Код за изгубен артикул Код за повреда Коз за рестрикции Код за отдаване Артикулен № Име на библиотеката - собственик Име на библиотеката, в която се намира в момента Статус (Текущо местоположение) Дата на вписване в системата Местоположение - отдел Цена в лева Инвентарен номер Систематично азбучна сигнатура Баркод Номер на екземпляра Цена в евро Служебна бележка Служебен тип на артикула
  Не е изгубен Не е повреден без рестрикции ползва се в читалня 334178 Регионална библиотека "Любен Каравелов" Русе Регионална библиотека "Любен Каравелов" Русе Хранилище 2017-01-06 Хранилище 12.00 120000807380 Цб 283940 120000807380 1 6.14 Дост: Dp Вид: Д N: 50 Дата: 24.11.2016 Книги
Vip Innovations Ltd, Rousse, Bulgaria 2025